| 000 | 00470cam a2200169 4500 | ||
|---|---|---|---|
| 001 | 4642 | ||
| 005 | 20181127173835.0 | ||
| 008 | 880825s1987 enk b 000 1 eng | ||
| 010 | _a 87158859 | ||
| 020 | _a9789993653158 | ||
| 043 | _aa-ii--- | ||
| 245 | 1 | 4 |
_aAp bokto and his barrel. _c |
| 260 |
_aThimphu : _bAthang, _c[2015] : |
||
| 300 |
_a36 p. ; _c30 cm. |
||
| 650 | 0 |
_aJungle animals -- Comic books, strips, etc. _x |
|
| 651 | 0 |
_aBhutan -- Comic books, strips, etc. _x |
|
| 999 |
_c3851 _d3851 |
||